India´s fifth national report to the Convention on Biological Diversity 2014 (Registro nro. 8491)

Detalles MARC
000 -CABECERA
Campo de control 00906nam a22002177a 4500
005 - FECHA Y HORA DE LA ULTIMA TRANSACCION
Campo de control 20140701154351.0
008 - ELEMENTOS DE LONGITUD FIJA—INFORMACION GENERAL
Campo de control 140303t2014 enkil grf 00| 0 en d
041 ## - IDIOMA
Código de idioma para texto/pista de sonido o título separado Inglés
082 ## - NUMERO DE CLASIFICACION DECIMAL DEWEY
Número de clasificación 341.7
Número del ítem I39i
110 2# - ASIENTO PRINCIPAL--NOMBRE CORPORATIVO
Nombre corporativo o de jurisdicción como elemento de entrada Convention on Biological Diversity
242 1# - TRADUCCION DEL TITULO POR LA AGENCIA CATALOGADORA
Título Quinto reporte nacional de la India en la Convención de la diversidad biológica 2014
Código de idioma del título traducido eng
245 1# - MENCION DE TITULO
Título India´s fifth national report to the Convention on Biological Diversity 2014
260 3# - PUBLICACION, DISTRIBUCION, ETC. (PIE DE IMPRENTA)
Lugar de publicación, distribución, etc. India
Nombre del editor, distribuidor, etc. Ministry of Environment and Forest - Goverment of India
Fecha de publicación, distribución, etc. 2014
300 ## - DESCRIPCION FISICA
Extensión 100
Otros detalles físicos il., tablas
Dimensiones 30 cm.
590 ## - NOTA LOCAL
Nota local 242 Titulo traducido por la agencia catalogadora
650 #4 - ASIENTO SECUNDARIO DE MATERIA - TERMINO TEMATICO
Término temático o nombre geográfico como elemento de entrada Diversidad Biologica
Subdivisión de forma Convención
650 #4 - ASIENTO SECUNDARIO DE MATERIA - TERMINO TEMATICO
Término temático o nombre geográfico como elemento de entrada Conservación Diversidad Biologica
Subdivisión general Ley y legislación
651 ## - ASIENTO SECUNDARIO DE MATERIA - NOMBRE GEOGRAFICO
Nombre geográfico India
710 ## - ASIENTO SECUNDARIO - NOMBRE CORPORATIVO
Nombre corporativo o de jurisdicción como elemento de entrada Ministry of Environment and Forest - Goverment of India
942 ## - ELEMENTOS ADICIONALES (KOHA)
Sistema de clasificación Dewey Decimal Classification
Tipo de ítem Impreso
Existencias
Withdrawn status Lost status Sistema de Clasificación Damaged status No para préstamo Colección Inventariado Ubicación Permanente Ubicación actual Fecha de adquisición Fuente de Valor Valor Total Checkouts Número topográfico Inventario / Código de Barras Date last seen Ejemplar Price effective from Forma de adquisición Tipo de material
    Dewey Decimal Classification     General Inventariado 2017 Bogotá Bogotá 01/07/2014 Instituto 39000.00   LB-341.7 I39i 038127 01/07/2014 Ej. 1 01/07/2014   Libro